|
|
|
|
| LEADER |
00000nam a2200000 a 4500 |
| 001 |
UCQ1784 |
| 003 |
CL-VaPUC |
| 008 |
980721e19750000US |||||||||||||||||eng|d |
| 082 |
0 |
4 |
|a 658.802
|b WEI
|2 21
|
| 100 |
0 |
|
|a Weilbacher, William M
|e author
|9 415591
|
| 245 |
1 |
0 |
|a Marketing management cases: planning and executing marketing strategy
|
| 250 |
|
|
|a 2a. ed
|
| 300 |
|
|
|a 387 p
|
| 942 |
|
|
|c BK
|
| 945 |
|
|
|d 19980721 00:00:00
|a cmena
|
| 260 |
|
|
|a Nueva York
|b MacMillan
|c 1975
|
| 650 |
|
7 |
|a PLANIFICACION Y CONTROL
|2 CL-VaPUC
|9 415592
|
| 650 |
|
7 |
|a ESTRATEGIAS
|2 CL-VaPUC
|9 342878
|
| 650 |
|
7 |
|a ELABORACION DE POLITICAS
|2 CL-VaPUC
|9 335865
|
| 650 |
|
0 |
|a Publicidad
|9 314572
|
| 650 |
|
7 |
|a PRODUCTOS
|2 CL-VaPUC
|9 338640
|
| 650 |
|
0 |
|a Consumidores
|9 315658
|
| 583 |
|
|
|a last modification
|c 19980721 00:00:00
|k Rodrigo Vera
|
| 999 |
|
|
|c 272628
|d 272626
|
| 952 |
|
|
|0 0
|1 0
|4 0
|6 658_802000000000000_WEI_1975
|7 0
|8 A
|9 307739
|a BIBGIM
|b BIBGIM
|d 2019-11-20
|i 1441000
|o 658.802 WEI 1975
|p 1441000
|r 2025-01-15
|w 2019-11-20
|y BK
|k COM
|